000 00730nam a2200241 i 4500
001 19886
003 ES-MaACL
005 20250924165159.0
007 t|
008 021023s1974 sp ||||1| spa d
080 _a301.185.14
080 _a392.3
245 0 3 _aLa familia /
_cErich Fromm... [et al.] ; introducción de Ralph Limton ; [traducción de Jordi Solé Tura].
250 _a3ª ed.
260 _aBarcelona :
_bPenínsula,
_c1974.
300 _a296 p. ;
_c20 cm.
650 4 _aFamilias.
_9153905
700 1 _aFromm, Erich,
_d1900-1980
_952729
700 1 _aLimton, Ralph.
_972318
700 1 _aSolé Tura, Jordi,
_d1930-2009
_9107136
852 _aES-MaACL
_jE-5906
_bR.90303
999 _c19886
_d19886